Engañar al Estado (Record no. 12125)

MARC details
000 -LEADER
campo de control de longitud fija 00931nam a2200289 i 4500
001 - NÚMERO DE CONTROL
campo de control 12125
003 - IDENTIFICADOR DE NÚMERO DE CONTROL
campo de control ES-MaACL
005 - FECHA Y HORA DE LA ÚLTIMA TRANSACCIÓN
campo de control 20250812224908.0
007 - CAMPO FIJO DE DESCRIPCIÓN FÍSICA--INFORMACIÓN GENERAL
campo de control de longitud fija t|
008 - DATOS DE LONGITUD FIJA--INFORMACIÓN GENERAL
campo de control de longitud fija 970414s1995 sp ||||1| spa d
020 ## - NÚMERO INTERNACIONAL ESTÁNDAR DEL LIBRO
Número Internacional Estándar del Libro 84-206-6816-8
080 ## - NÚMERO DE LA CLASIFICACIÓN DECIMAL UNIVERSAL
Número de la Clasificación Decimal Universal 336.2.043
080 ## - NÚMERO DE LA CLASIFICACIÓN DECIMAL UNIVERSAL
Número de la Clasificación Decimal Universal 338.23:336.2
080 ## - NÚMERO DE LA CLASIFICACIÓN DECIMAL UNIVERSAL
Número de la Clasificación Decimal Universal 336.2:338.23
100 1# - ENTRADA PRINCIPAL--NOMBRE DE PERSONA
Nombre de persona Cowell, Frank A.
9 (RLIN) 41373
245 10 - MENCIÓN DEL TÍTULO
Título Engañar al Estado
Resto del título : un análisis económico de la evasión /
Mención de responsabilidad, etc. Frank A. Cowell ; versión española de Esther Rabasco y Luis Toharia.
260 ## - PUBLICACIÓN, DISTRIBUCIÓN, ETC.
Lugar de publicación, distribución, etc. Madrid :
Nombre del editor, distribuidor, etc. Alianza Editorial,
Fecha de publicación, distribución, etc. [1995]
300 ## - DESCRIPCIÓN FÍSICA
Extensión 221 p. ;
Dimensiones 23 cm.
490 1# - MENCIÓN DE SERIE
Mención de serie Alianza economía ;
Designación de volumen o secuencia 16
650 #4 - PUNTO DE ACCESO ADICIONAL DE MATERIA--TÉRMINO DE MATERIA
Término de materia o nombre geográfico como elemento de entrada Evasión fiscal.
9 (RLIN) 12624
650 14 - PUNTO DE ACCESO ADICIONAL DE MATERIA--TÉRMINO DE MATERIA
Término de materia o nombre geográfico como elemento de entrada Política fiscal.
9 (RLIN) 16296
700 1# - ENTRADA AGREGADA--NOMBRE PERSONAL
Nombre de persona Rabasco, Esther.
9 (RLIN) 94844
700 1# - ENTRADA AGREGADA--NOMBRE PERSONAL
Nombre de persona Toharia, Luis.
9 (RLIN) 110425
830 00 - PUNTO DE ACCESO ADICIONAL DE SERIE-TÍTULO UNIFORME
Título uniforme Alianza economía y finanzas
Designación de volumen o secuencia 16
9 (RLIN) 178105
852 4# - LOCALIZACIÓN
Ubicación ES-MaACL
Número de control de estantería L-19463
itemnumber R.124675
Holdings
Estatus retirado Estado de pérdida Estado de daño No para préstamo Biblioteca de origen Biblioteca actual Ubicación en estantería Fecha de adquisición Fuente de adquisición Total de préstamos Signatura topográfica completa Código de barras Visto por última vez Precio de reemplazo Tipo de ítem Koha
        Biblioteca del Ateneo de Madrid Biblioteca del Ateneo de Madrid Depósito 2 17/01/2008     L-19463 1012354 23/02/2023 23/02/2023 Libro impreso